| 000 | 00610nam a2200205 i 4500 | ||
|---|---|---|---|
| 001 | 47597 | ||
| 003 | ES-MaACL | ||
| 005 | 20251014063112.0 | ||
| 007 | t| | ||
| 008 | 030507s1916 sp ||||1| spa d | ||
| 080 | _a821.134.2-32"18" | ||
| 100 | 1 |
_aSellés, Eugenio, _d1842-1926 _9145933 |
|
| 245 | 1 | 3 |
_aEl tintero de Talavera _b: novela inédita / _cpor Eugenio Sellés. |
| 260 |
_aMadrid : _b[s.n., _c1916] |
||
| 300 |
_a29 p. ; _c19 cm. |
||
| 490 | 1 |
_ala novela corta ; _v51 |
|
| 830 | 0 |
_ala novela corta ; _v51 _9182142 |
|
| 852 |
_aES-MaACL _jG-4948(51) _bR.132489 |
||
| 999 |
_c47597 _d47597 |
||